000 00583nam a2200145 a 4500
008 120416s1971 ||||||||||||||||| || u
050 _aHF 5686.H75 Har.
100 _aHarris, Peter J
245 1 0 _aAccounting and financial management in hotel and catering industry vol 1
260 _aLondon
_bNorthwood publications
_c1971
300 _a143p. : ill.
350 _a0.00
650 0 _aACCOUNTING--HANDBOOKS, MANUALS, ETC
995 _D0.00
_FCBU-MAIN LIBRARY (Kitwe)
_H1
_I0.00
_M1
_UAVAILABLE
_ZMain Library Open Access Collection
999 _c33301
_d33301